[Event "7th Parsvnath International Open Chess T"]
[Site "Modern School, Barakhamba Road"]
[Date "2009.01.15"]
[Round "6.47"]
[White "Sridhar, J."]
[Black "Premnath, R."]
[Result "0-1"]
[WhiteElo "2159"]
[BlackElo "2303"]
[PlyCount "116"]
[EventDate "2009.01.11"]

1. d4 Nf6 2. Nc3 d5 3. Bg5 Nbd7 4. f3 c5 5. dxc5 e6 6. e4 Bxc5 7. exd5 Qb6 8.
Nh3 Qxb2 9. Bd2 Nxd5 10. Rb1 Nxc3 11. Rxb2 Nxd1 12. Kxd1 O-O 13. Ng5 Nf6 14.
Bd3 Rd8 15. Ke2 b6 16. Ne4 Nxe4 17. fxe4 Bb7 18. Be3 Rac8 19. a4 Bxe3 20. Kxe3
Rc5 21. Ra1 Bc6 22. Ra3 Kf8 23. Bb5 Rc8 24. Bd3 Ke7 25. Rba2 Ra5 26. Rc3 Bd7
27. Rxc8 Bxc8 28. Bb5 a6 29. Bd3 b5 30. Kd4 Kd6 31. e5+ Kc7 32. Bxh7 bxa4 33.
c4 Bd7 34. Ra3 f6 35. exf6 gxf6 36. Bc2 Rg5 37. g3 Re5 38. h4 Kd6 39. g4 Re2
40. c5+ Kc7 41. Bxa4 e5+ 42. Kd3 Rh2 43. Ra1 Bxg4 44. Be8 Be2+ 45. Ke3 Bb5 46.
Bxb5 axb5 47. Ra6 Rxh4 48. Rxf6 Rc4 49. Kd3 Rxc5 50. Ke4 b4 51. Rh6 b3 52. Rh1
b2 53. Rb1 Rb5 54. Kd3 Kd6 55. Kc4 Kc6 56. Kc3 Kc5 57. Kd3 Rb3+ 58. Kc2 Kb4 0-1

[Event "7th Parsvnath International Open Chess T"]
[Site "Modern School, Barakhamba Road"]
[Date "2009.01.15"]
[Round "6.48"]
[White "Dave, Kantilal"]
[Black "Dutta, Joydeep"]
[Result "0-1"]
[WhiteElo "2125"]
[BlackElo "2300"]
[PlyCount "86"]
[EventDate "2009.01.11"]

1. c4 e5 2. Nc3 Nf6 3. Nf3 Nc6 4. d4 exd4 5. Nxd4 Bb4 6. Nxc6 bxc6 7. Bd2 O-O
8. e3 d5 9. Be2 Qe7 10. O-O Rd8 11. Qc2 Qe5 12. cxd5 cxd5 13. Nb5 Bf5 14. Qc1
Bxd2 15. Qxd2 c5 16. b3 Ne4 17. Qa5 a6 18. Na3 Rd6 19. Rac1 Rh6 20. f4 Qe7 21.
Qe1 Re8 22. Nc2 Nf6 23. Bf3 Bd3 24. Rf2 Ne4 25. Bxe4 Bxe4 26. Rd2 g5 27. Qf2
Rg6 28. Ne1 gxf4 29. exf4 d4 30. Nf3 Kh8 31. g3 Ba8 32. Ne5 Re6 33. h3 f6 34.
Nd3 Re3 35. Rcd1 Qb7 36. Kh2 Rf3 37. Nxc5 Rxf2+ 38. Rxf2 Qe7 39. b4 a5 40. a3
Qe3 41. Nd3 Be4 42. Rfd2 Bxd3 43. Rxd3 Qf2+ 0-1

[Event "7th Parsvnath International Open Chess T"]
[Site "Modern School, Barakhamba Road"]
[Date "2009.01.15"]
[Round "6.49"]
[White "Mishra, Soumyaranjan"]
[Black "Singh, Y  Dhanabir"]
[Result "0-1"]
[WhiteElo "2296"]
[BlackElo "2099"]
[PlyCount "110"]
[EventDate "2009.01.11"]

1. e4 e5 2. Nf3 Nc6 3. Nc3 Nf6 4. d4 exd4 5. Nxd4 Bb4 6. Nxc6 bxc6 7. Bd3 d6 8.
O-O h6 9. Qf3 O-O 10. h3 Nd7 11. Qg3 Kh8 12. Ne2 Bc5 13. b3 Qf6 14. Bd2 Ne5 15.
Bc3 Qg6 16. Kh1 Qxg3 17. Nxg3 a5 18. Be2 f6 19. f4 Nf7 20. a4 Bb6 21. Nh5 Re8
22. Bf3 Bb7 23. Ng3 d5 24. Bh5 Rf8 25. e5 d4 26. e6 Nd6 27. Bd2 Nc8 28. Nf5 Bc5
29. Bc1 Kh7 30. Nh4 Ne7 31. f5 Bd6 32. Bf4 c5 33. Ng6 Rfe8 34. Nh4 Red8 35. Bf7
Bc6 36. Bxd6 cxd6 37. Ng6 Ra7 38. Kh2 Nxf5 39. Rxf5 Rxf7 40. exf7 Kxg6 41. Rf2
Be4 42. Re2 d5 43. Rc1 Kxf7 44. c3 d3 45. Rb2 f5 46. Kg3 Ke6 47. b4 Rb8 48.
Rcb1 axb4 49. cxb4 c4 50. Rc1 Rc8 51. b5 c3 52. Ra2 c2 53. b6 d2 54. b7 Rb8 55.
Raxc2 Bxc2 0-1

[Event "7th Parsvnath International Open Chess T"]
[Site "Modern School, Barakhamba Road"]
[Date "2009.01.15"]
[Round "6.50"]
[White "Negi, V  S."]
[Black "Sagar, Shah"]
[Result "0-1"]
[WhiteElo "2113"]
[BlackElo "2283"]
[PlyCount "60"]
[EventDate "2009.01.11"]

1. b3 e5 2. Bb2 Nc6 3. e3 Nf6 4. Bb5 d6 5. Nf3 a6 6. Be2 e4 7. Ng1 d5 8. d3 Bd6
9. Nd2 Ne5 10. dxe4 dxe4 11. Nc4 Nxc4 12. Bxc4 O-O 13. Qd2 Qe7 14. O-O-O b5 15.
Bd5 Rb8 16. f3 Rd8 17. Kb1 Be6 18. Bxe6 Ba3 19. Qc1 Rxd1 20. Qxd1 Rd8 21. Qc1
Bxb2 22. Kxb2 Qxe6 23. Ne2 Qd6 24. Nc3 b4 25. Nxe4 Qe5+ 26. Kb1 Nd5 27. c4 bxc3
28. Rd1 f5 29. Rxd5 Rxd5 30. Nxc3 Rd3 0-1

[Event "7th Parsvnath International Open Chess T"]
[Site "New Delhi India"]
[Date "2009.01.16"]
[Round "7"]
[White "S P, Sethuraman"]
[Black "Mikhail, Ulibin"]
[Result "1/2-1/2"]
[WhiteElo "2415"]
[BlackElo "2511"]
[PlyCount "67"]
[EventDate "2009.01.11"]
[Source "MonRoi"]

1. e4 e6 2. d4 d5 3. Nd2 Nf6 4. e5 Nfd7 5. f4 c5 6. c3 Nc6 7. Ndf3 Qb6 8. a3 a5
9. b3 Be7 10. h4 h5 11. Nh3 cxd4 12. cxd4 f5 13. Be3 Bxa3 14. Be2 Bb4+ 15. Kf1
g6 16. Nf2 Ndb8 17. Nd3 Be7 18. Nc5 Nb4 19. Rc1 N8a6 20. Kf2 Bd7 21. Qd2 Nxc5
22. dxc5 Qd8 23. g3 Rc8 24. Nd4 Kf7 25. Rc3 Qc7 26. Rhc1 Ra8 27. Bb5 Rhc8 28.
Qe2 Bc6 29. Ra1 Qd7 30. Kg1 Qd8 31. Bf2 Qf8 32. Rac1 Qd8 33. Ra1 Qd7 34. Be3
1/2-1/2

[Event "7th Parsvnath International Open Chess T"]
[Site "New Delhi India"]
[Date "2009.01.16"]
[Round "7"]
[White "Bandyopadhyay, Roktim"]
[Black "P, Karthikeyan"]
[Result "1/2-1/2"]
[WhiteElo "2372"]
[BlackElo "2450"]
[PlyCount "26"]
[EventDate "2009.01.11"]
[Source "MonRoi"]

1. d4 Nf6 2. Nf3 e6 3. Bg5 c5 4. e3 h6 5. Bh4 b6 6. Nbd2 Bb7 7. Bxf6 Qxf6 8.
Bd3 Nc6 9. c3 g5 10. h3 Be7 11. Qe2 Rc8 12. Ne4 Qg7 13. g4 h5 1/2-1/2

[Event "7th Parsvnath International Open Chess T"]
[Site "New Delhi India"]
[Date "2009.01.16"]
[Round "7"]
[White "Deep, Sengupta"]
[Black "Surya Shekhar, Ganguly"]
[Result "0-1"]
[WhiteElo "2445"]
[BlackElo "2614"]
[PlyCount "108"]
[EventDate "2009.01.11"]
[Source "MonRoi"]

1. e4 c5 2. Nf3 Nc6 3. Nc3 e6 4. d4 cxd4 5. Nxd4 Qc7 6. Be3 a6 7. Qd2 Nf6 8. f3
Be7 9. O-O-O O-O 10. g4 b5 11. g5 Ne8 12. Nxc6 dxc6 13. f4 Nd6 14. Bd3 c5 15.
e5 Nc4 16. Bxc4 bxc4 17. Kb1 Rb8 18. Qe1 Bb7 19. Rf1 Bf3 20. Rd2 Qb7 21. Qc1
Rfc8 22. Ka1 Bg4 23. a3 Qc6 24. Qb1 Rb6 25. Rdf2 Rcb8 26. Bc1 Bf5 27. Qa2 Rb3
28. Rd1 a5 29. a4 R3b4 30. Re1 Rd8 31. Be3 g6 32. Qa3 Rd4 33. Qa2 h5 34. h4 Kg7
35. Bc1 Qb7 36. Be3 Qd7 37. Rfe2 Bg4 38. Rf2 Bf5 39. Rfe2 Be4 40. Bxd4 cxd4 41.
Nb5 Bc6 42. c3 d3 43. Rd2 Rb3 44. Nd4 Bxa4 45. Kb1 Bc5 46. Nxb3 cxb3 47. Qa1
Qc6 48. Kc1 Be7 49. Kb1 Qc4 50. Rf1 Bc5 51. Kc1 Be3 52. Kd1 Qe4 53. Re1 Qf3+
54. Kc1 Qe2 0-1

[Event "7th Parsvnath International Open Chess T"]
[Site "New Delhi India"]
[Date "2009.01.16"]
[Round "7"]
[White "Chowdhury Saptarshi, Roy"]
[Black "Yuri, Solodovnichenko"]
[Result "1/2-1/2"]
[WhiteElo "2444"]
[BlackElo "2571"]
[PlyCount "71"]
[EventDate "2009.01.11"]
[Source "MonRoi"]

1. e4 c5 2. Nc3 d6 3. g3 Nc6 4. Bg2 g6 5. d3 Bg7 6. Be3 Rb8 7. Nge2 Nd4 8. O-O
e6 9. Qd2 Ne7 10. Rab1 Nec6 11. a3 O-O 12. b4 cxb4 13. axb4 b5 14. Nxd4 Nxd4
15. Ne2 Nxe2+ 16. Qxe2 a5 17. bxa5 Qxa5 18. Bd2 Qc7 19. Bb4 Bb7 20. c3 Rfc8 21.
d4 Qd7 22. f4 Rc4 23. Rfd1 Rbc8 24. Qe3 h5 25. Ra1 Ra8 26. Rxa8+ Bxa8 27. d5
exd5 28. exd5 Kh7 29. Bf1 Rc8 30. Bd3 Re8 31. Qf3 Qa7+ 32. Qf2 Qb7 33. Qf3 Qa7+
34. Qf2 Qb7 35. Qf3 Qa7+ 36. Qf2 1/2-1/2

[Event "7th Parsvnath International Open Chess T"]
[Site "New Delhi India"]
[Date "2009.01.16"]
[Round "7"]
[White "Abhijit, Kunte"]
[Black "Sundar M, Shyam"]
[Result "1-0"]
[WhiteElo "2527"]
[BlackElo "2426"]
[PlyCount "49"]
[EventDate "2009.01.11"]
[Source "MonRoi"]

1. d4 d5 2. c4 e6 3. Nf3 Nf6 4. Nc3 c6 5. e3 Nbd7 6. Qc2 Bd6 7. Bd3 O-O 8. O-O
dxc4 9. Bxc4 b5 10. Be2 Bb7 11. Rd1 Qb8 12. e4 e5 13. dxe5 Nxe5 14. Nd4 b4 15.
Nf5 Bc5 16. Na4 Bxf2+ 17. Kxf2 Neg4+ 18. Bxg4 Nxg4+ 19. Ke1 Qxh2 20. Qe2 Rfe8
21. Rd7 h5 22. Rxb7 Qg1+ 23. Kd2 Rxe4 24. Qxe4 Rd8+ 25. Kc2 1-0

[Event "7th Parsvnath International Open Chess T"]
[Site "New Delhi India"]
[Date "2009.01.16"]
[Round "7"]
[White "Jha, Sriram"]
[Black "Saidali, Iuldachev"]
[Result "1/2-1/2"]
[WhiteElo "2442"]
[BlackElo "2520"]
[PlyCount "98"]
[EventDate "2009.01.11"]
[Source "MonRoi"]

1. d4 d5 2. c4 Nc6 3. Nc3 Nf6 4. Nf3 Bf5 5. cxd5 Nxd5 6. e3 e6 7. Bb5 Bd6 8.
O-O O-O 9. Re1 Bg4 10. Ne4 Bb4 11. Bd2 Nce7 12. Be2 Bxd2 13. Qxd2 Ng6 14. Rac1
c6 15. Nc5 Qe7 16. Nd3 Bxf3 17. Bxf3 Rfd8 18. Bh5 Nf6 19. Bxg6 hxg6 20. Qb4 Qc7
21. Nc5 Rab8 22. Qa3 a6 23. Nd3 Rd5 24. Rc5 Ne4 25. Rxd5 exd5 26. Nc5 Nd6 27.
b4 g5 28. Qc3 g6 29. e4 dxe4 30. Nxe4 Nxe4 31. Rxe4 Qd6 32. a3 Rd8 33. g3 Qf6
34. Qe3 Kg7 35. Kg2 Rd5 36. Re5 Qd6 37. Qxg5 Rxd4 38. Qe7 b6 39. Qxd6 Rxd6 40.
Re7 Rd3 41. Rb7 b5 42. Rb6 Rxa3 43. Rxc6 Ra4 44. h4 Kf8 45. f3 Rxb4 46. Rxa6
Rb1 47. Rb6 b4 48. g4 b3 49. Kh2 Kg7 1/2-1/2

[Event "7th Parsvnath International Open Chess T"]
[Site "New Delhi India"]
[Date "2009.01.16"]
[Round "7"]
[White "Shukhrat, Safin"]
[Black "Kutwal, Shashikant"]
[Result "0-1"]
[WhiteElo "2518"]
[BlackElo "2285"]
[PlyCount "86"]
[EventDate "2009.01.11"]
[Source "MonRoi"]

1. d4 Nf6 2. c4 g6 3. Nc3 Bg7 4. g3 O-O 5. Bg2 d6 6. Nf3 Nc6 7. O-O a6 8. e4
Bg4 9. Be3 Nd7 10. Qd2 Bxf3 11. Bxf3 e5 12. d5 Nd4 13. Bg2 c5 14. dxc6 bxc6 15.
f4 Nb6 16. Qd3 Qe7 17. Rf2 c5 18. f5 f6 19. h4 Qf7 20. Bf1 Rab8 21. g4 Qe7 22.
Qd2 Kh8 23. Bd3 Rg8 24. Raf1 gxf5 25. exf5 e4 26. Be2 Nf3+ 27. Rxf3 exf3 28.
Rxf3 Nd7 29. Rg3 Ne5 30. Nd5 Qf7 31. Qc2 a5 32. Kh2 Nc6 33. Bf3 Ne5 34. Bg2 Bh6
35. g5 fxg5 36. Kh1 gxh4 37. Rxg8+ Rxg8 38. Bxh6 h3 39. Be4 Qh5 40. Bf4 Qg4 41.
Bh2 Qh4 42. Qe2 Ng4 43. Bf4 h2 0-1

[Event "7th Parsvnath International Open Chess T"]
[Site "New Delhi India"]
[Date "2009.01.16"]
[Round "7"]
[White "Dibyendu, Barua"]
[Black "Vinay Kumar, Matta"]
[Result "1-0"]
[WhiteElo "2490"]
[BlackElo "2246"]
[PlyCount "45"]
[EventDate "2009.01.11"]
[Source "MonRoi"]

1. e4 e5 2. Bc4 Nf6 3. d3 Nc6 4. Nf3 h6 5. O-O d6 6. c3 Be7 7. Nbd2 O-O 8. Bb3
Nh7 9. Nc4 Kh8 10. Ne3 Ng5 11. Ne1 Ne6 12. g3 Bg5 13. N1g2 Nc5 14. Bc2 Bh3 15.
f4 Bf6 16. Qh5 Qc8 17. fxe5 Bg5 18. d4 Na6 19. Nf5 Bxf5 20. exf5 Bxc1 21. Raxc1
dxe5 22. f6 exd4 23. Nh4 1-0

[Event "7th Parsvnath International Open Chess T"]
[Site "New Delhi India"]
[Date "2009.01.16"]
[Round "7"]
[White "G B, Prakash"]
[Black "Das, Neelotpal"]
[Result "1/2-1/2"]
[WhiteElo "2397"]
[BlackElo "2490"]
[PlyCount "24"]
[EventDate "2009.01.11"]
[Source "MonRoi"]

1. d4 Nf6 2. c4 e6 3. Nf3 c5 4. e3 d5 5. Nc3 a6 6. cxd5 exd5 7. Be2 Nc6 8. O-O
Bd6 9. dxc5 Bxc5 10. b3 O-O 11. Bb2 Be6 12. Na4 Bd6 1/2-1/2

[Event "7th Parsvnath International Open Chess T"]
[Site "New Delhi India"]
[Date "2009.01.16"]
[Round "7"]
[White "Kumar, Vinoth"]
[Black "R R, Laxman"]
[Result "0-1"]
[WhiteElo "2204"]
[BlackElo "2478"]
[PlyCount "112"]
[EventDate "2009.01.11"]
[Source "MonRoi"]

1. e4 e5 2. d3 Nc6 3. Nf3 d6 4. Be2 g6 5. h4 Bg4 6. Na3 h5 7. Nc4 Qd7 8. Ne3
Bxf3 9. Bxf3 Nd4 10. c3 Nxf3+ 11. Qxf3 O-O-O 12. c4 Bg7 13. Bd2 Qe6 14. Nd5 c6
15. Qe3 Kb8 16. Nb4 Bh6 17. Qe2 Bxd2+ 18. Qxd2 Ne7 19. a4 d5 20. exd5 cxd5 21.
c5 Rc8 22. Rc1 Qg4 23. O-O a5 24. Nc2 Nc6 25. f4 Qxh4 26. b4 exf4 27. Rxf4 Qg5
28. b5 Ne5 29. Rcf1 Rxc5 30. Nd4 Qg3 31. Qb2 Rhc8 32. Nc6+ Nxc6 33. bxc6 Qe3+
34. Kh1 R5xc6 35. Rxf7 Rb6 36. Qg7 Ka7 37. R7f3 Qc5 38. d4 Qc7 39. Qh6 Qc2 40.
Qg5 Qc4 41. Qe5 Rb4 42. Rf8 Rxa4 43. R1f7 Rb4 44. Rxc8 Qxc8 45. Qxd5 Ka6 46.
Qe4 Qg4 47. Rf4 Qg5 48. Rf8 Qc1+ 49. Kh2 Qc7+ 50. Kg1 Qd6 51. Rf4 g5 52. Qd3+
Ka7 53. Re4 h4 54. d5 g4 55. Re6 Qc5+ 56. Kh2 Rd4 0-1

[Event "7th Parsvnath International Open Chess T"]
[Site "New Delhi India"]
[Date "2009.01.16"]
[Round "7"]
[White "Praveen M, Thipsay"]
[Black "Prasanna, Vishnu"]
[Result "0-1"]
[WhiteElo "2453"]
[BlackElo "2266"]
[PlyCount "80"]
[EventDate "2009.01.11"]
[Source "MonRoi"]

1. e4 e5 2. Nf3 Nc6 3. Bb5 f5 4. d3 fxe4 5. dxe4 Nf6 6. O-O Bc5 7. Nc3 d6 8.
Bg5 O-O 9. Nd5 Kh8 10. c3 Ne7 11. Nxf6 gxf6 12. Bh6 Rg8 13. Kh1 Be6 14. Bd3 Qe8
15. Nh4 Bg4 16. f3 Qh5 17. fxg4 Qxh4 18. Bd2 Rxg4 19. g3 Qh3 20. Rf3 Rag8 21.
Qe1 Qh5 22. Qe2 f5 23. Rff1 f4 24. Be1 fxg3 25. Bxg3 Qh3 26. Bc4 Rxg3 27. Bxg8
Rxg8 28. Rad1 Ng6 29. Rd3 Nf4 30. Rxh3 Nxe2 31. Rhf3 Nf4 32. Rg3 Rg6 33. a4 a6
34. b4 Ba7 35. a5 Kg7 36. c4 Rxg3 37. hxg3 Nd3 38. b5 Bd4 39. Kg2 Bc3 40. Kf3
axb5 0-1

[Event "7th Parsvnath International Open Chess T"]
[Site "New Delhi India"]
[Date "2009.01.16"]
[Round "7"]
[White "Alexander, Areshchenko"]
[Black "S, Nitin"]
[Result "1-0"]
[WhiteElo "2673"]
[BlackElo "2365"]
[PlyCount "87"]
[EventDate "2009.01.11"]
[Source "MonRoi"]

1. e4 c5 2. Nf3 d6 3. d4 cxd4 4. Nxd4 Nf6 5. Nc3 a6 6. Be3 Ng4 7. Bg5 h6 8. Bh4
g5 9. Bg3 Bg7 10. h3 Ne5 11. Nf5 Bxf5 12. exf5 Nbd7 13. h4 Qa5 14. Qd5 Qb4 15.
Qb3 Nc6 16. O-O-O Rc8 17. Nd5 Qxb3 18. axb3 Nd4 19. f6 Rxc2+ 20. Kb1 Nxf6 21.
Ne3 Rxb2+ 22. Kxb2 Ne4 23. Ka3 b5 24. Bd3 Nc3 25. hxg5 a5 26. gxh6 b4+ 27. Kb2
Nxd1+ 28. Rxd1 Rxh6 29. Ka2 Rh5 30. Rc1 a4 31. bxa4 Ra5 32. Kb1 Rxa4 33. Nf5
Ra3 34. Nxg7+ Kf8 35. Bc4 Kxg7 36. Kb2 e5 37. f3 Nf5 38. Be1 Ne3 39. Bb3 Ra6
40. Bf2 Nf5 41. Rc7 d5 42. g4 Nh6 43. Bxd5 Rd6 44. Be4 1-0

[Event "7th Parsvnath International Open Chess T"]
[Site "New Delhi India"]
[Date "2009.01.16"]
[Round "7"]
[White "Yuriy, Kuzubov"]
[Black "Neeraj-Kumar, Mishra"]
[Result "1-0"]
[WhiteElo "2626"]
[BlackElo "2338"]
[PlyCount "101"]
[EventDate "2009.01.11"]
[Source "MonRoi"]

1. Nf3 Nf6 2. c4 e6 3. Nc3 c5 4. g3 Nc6 5. Bg2 Be7 6. O-O O-O 7. d4 d5 8. cxd5
exd5 9. dxc5 Bxc5 10. Bg5 d4 11. Bxf6 Qxf6 12. Nd5 Qd8 13. Ne1 Bg4 14. Nd3 Bd6
15. Rc1 Re8 16. Re1 Rc8 17. Qd2 h6 18. N5f4 Qd7 19. Nc5 Qc7 20. Nd5 Qb8 21. b4
Bf8 22. a3 Be6 23. Nxe6 fxe6 24. Nf4 Qd6 25. Qa2 g5 26. Nd3 b6 27. Bh3 Rcd8 28.
Rc2 Ne5 29. Rec1 Re7 30. Qb3 b5 31. Nxe5 Qxe5 32. Qd3 Rg7 33. Rc6 Bd6 34. Rd1
g4 35. Bg2 Bf8 36. Rdc1 Rdd7 37. Qe4 Qxe4 38. Bxe4 Rd6 39. Bd3 Rg5 40. Rc8 Rd7
41. R1c6 e5 42. Be4 Kf7 43. Rb8 Bd6 44. Rxb5 Ke7 45. Ra5 Rg8 46. Bf5 Rb7 47.
Rca6 Bb8 48. Rxh6 Rb6 49. Ra6 Rf8 50. Raxb6 axb6 51. Re6+ 1-0

[Event "7th Parsvnath International Open Chess T"]
[Site "New Delhi India"]
[Date "2009.01.16"]
[Round "7"]
[White "Anuar, Ismagambetov"]
[Black "N Sudhakar, Babu"]
[Result "1/2-1/2"]
[WhiteElo "2523"]
[BlackElo "2333"]
[PlyCount "30"]
[EventDate "2009.01.11"]
[Source "MonRoi"]

1. Nc3 d5 2. d4 f5 3. Bf4 Nf6 4. g3 e6 5. Bg2 Be7 6. Nh3 Bd7 7. f3 c5 8. dxc5
Bxc5 9. e4 d4 10. Ne2 Nc6 11. Nf2 fxe4 12. fxe4 e5 13. Bd2 O-O 14. Nd3 Bb6 15.
O-O Qe8 1/2-1/2

[Event "7th Parsvnath International Open Chess T"]
[Site "New Delhi India"]
[Date "2009.01.16"]
[Round "7"]
[White "Rahul, Sangma"]
[Black "Vinay S, Bhat"]
[Result "0-1"]
[WhiteElo "2322"]
[BlackElo "2495"]
[PlyCount "82"]
[EventDate "2009.01.11"]
[Source "MonRoi"]

1. e4 e6 2. d4 d5 3. Nc3 Bb4 4. e5 c5 5. a3 Bxc3+ 6. bxc3 Ne7 7. Qg4 cxd4 8.
Qxg7 Rg8 9. Qxh7 Qc7 10. Ne2 dxc3 11. f4 Bd7 12. Qd3 Nf5 13. Rb1 Na6 14. Rg1
Ba4 15. g4 Nc5 16. Qd1 Qd8 17. Ng3 Nxg3 18. hxg3 Ne4 19. Bd3 Qe7 20. Qf3 Nc5
21. Rh1 d4 22. Rh7 O-O-O 23. g5 Bxc2 24. Bxc2 d3 25. Rb5 Rd5 26. g6 Rxg6 27.
Rxc5+ Qxc5 28. Bxd3 Qg1+ 29. Bf1 Rxg3 30. Rh1 Rxf3 31. Rxg1 c2 32. Be2 Rb3 33.
Kf2 b5 34. a4 a6 35. Re1 Rb1 36. axb5 axb5 37. Bf3 Rc5 38. Ke3 b4 39. Kd4 Rc7
40. Rh1 b3 41. f5 Rxc1 0-1

[Event "7th Parsvnath International Open Chess T"]
[Site "New Delhi India"]
[Date "2009.01.16"]
[Round "7"]
[White "Babu M R, Lalith"]
[Black "D P, Singh"]
[Result "1-0"]
[WhiteElo "2477"]
[BlackElo "2312"]
[PlyCount "89"]
[EventDate "2009.01.11"]
[Source "MonRoi"]

1. Nf3 e6 2. c4 d5 3. d4 c6 4. Qc2 Bd6 5. Bg5 f6 6. Bh4 Ne7 7. Bg3 f5 8. e3 O-O
9. Bd3 Bb4+ 10. Nbd2 Nd7 11. O-O Nf6 12. c5 Ba5 13. Nb3 Bc7 14. Bxc7 Qxc7 15.
Ne5 Bd7 16. Nd2 Be8 17. b4 g5 18. f3 Ng6 19. f4 gxf4 20. exf4 Ne4 21. a4 Qg7
22. b5 Kh8 23. Nxg6+ Bxg6 24. Nf3 Rac8 25. Ne5 Be8 26. Rab1 Rg8 27. Rb3 b6 28.
Bxe4 fxe4 29. Rg3 Qb7 30. Rxg8+ Kxg8 31. Rc1 cxb5 32. c6 Qa6 33. Qe2 Qxa4 34.
Qg4+ Kf8 35. Qxe6 Qa3 36. Rf1 Rc7 37. Qxd5 Qe7 38. f5 Qf6 39. Rc1 e3 40. Qe4
Qg5 41. d5 e2 42. Re1 Qe7 43. Rxe2 Qc5+ 44. Kh1 Bf7 45. Nd7+ 1-0

[Event "7th Parsvnath International Open Chess T"]
[Site "New Delhi India"]
[Date "2009.01.16"]
[Round "7"]
[White "Atanu, Lahiri"]
[Black "M R, Venkatesh"]
[Result "1-0"]
[WhiteElo "2310"]
[BlackElo "2470"]
[PlyCount "36"]
[EventDate "2009.01.11"]
[Source "MonRoi"]

1. d4 Nf6 2. c4 e6 3. Nf3 Bb4+ 4. Nc3 b6 5. e3 Bb7 6. Bd3 Bxc3+ 7. bxc3 d6 8.
O-O Nbd7 9. Nd2 e5 10. e4 O-O 11. f3 Re8 12. Nb3 Nf8 13. Be3 h6 14. Qd2 Ng6 15.
Nc1 c6 16. Ne2 d5 17. Ng3 dxe4 18. Nxe4 Nh5 1-0

[Event "7th Parsvnath International Open Chess T"]
[Site "New Delhi India"]
[Date "2009.01.16"]
[Round "7"]
[White "Ponnuswamy, Konguvel"]
[Black "R, Ashwath"]
[Result "1/2-1/2"]
[WhiteElo "2462"]
[BlackElo "2312"]
[PlyCount "91"]
[EventDate "2009.01.11"]
[Source "MonRoi"]

1. e4 e5 2. Nf3 Nc6 3. Bb5 a6 4. Ba4 Nf6 5. O-O Be7 6. Re1 b5 7. Bb3 d6 8. c3
O-O 9. h3 Nb8 10. d4 Nbd7 11. Nbd2 Bb7 12. Bc2 Re8 13. Nf1 Bf8 14. Ng3 g6 15.
a4 Bg7 16. Bg5 Nf8 17. dxe5 dxe5 18. Qxd8 Raxd8 19. axb5 axb5 20. Ra7 Rb8 21.
Be3 N8d7 22. Bd3 c6 23. Nd2 Bf8 24. b4 c5 25. Bxb5 cxb4 26. c4 Rec8 27. Nb3 Nc5
28. Bxc5 Bxc5 29. Nxc5 Rxc5 30. Ra4 Bc6 31. Rxb4 Rb7 32. f3 Bxb5 33. Reb1 Bc6
34. Rxb7 Bxb7 35. Rxb7 Rxc4 36. Rb5 Nd7 37. Rd5 Rc7 38. Nf1 Kg7 39. Ne3 h5 40.
h4 Rc3 41. Nd1 Rc7 42. Ne3 Rc3 43. Kf2 Nc5 44. Ke2 Ne6 45. Kd2 Rc5 46. Rxc5
1/2-1/2

[Event "7th Parsvnath International Open Chess T"]
[Site "New Delhi India"]
[Date "2009.01.16"]
[Round "7"]
[White "R, Premnath"]
[Black "Justin, Sarkar"]
[Result "0-1"]
[WhiteElo "2303"]
[BlackElo "2455"]
[PlyCount "50"]
[EventDate "2009.01.11"]
[Source "MonRoi"]

1. d4 Nf6 2. c4 g6 3. Nc3 d5 4. Nf3 Bg7 5. Bg5 dxc4 6. e4 c5 7. Bxc4 cxd4 8.
Nxd4 Qa5 9. Bb5+ Bd7 10. O-O Bxb5 11. Ndxb5 Nc6 12. e5 Nxe5 13. Qe2 Nc6 14. b4
Nxb4 15. Nd6+ Kf8 16. Rae1 Qc7 17. Ncb5 Qd7 18. Qc4 Nbd5 19. Bxf6 Bxf6 20. Qxd5
exd6 21. Nxd6 Rd8 22. Rd1 Kg7 23. Rfe1 Qc7 24. Re4 Rxd6 25. Qxd6 Rd8 0-1

[Event "7th Parsvnath International Open Chess T"]
[Site "Modern School, Barakhamba Road"]
[Date "2009.01.16"]
[Round "7.21"]
[White "Rathnakaran, K."]
[Black "Akshat, Khamparia"]
[Result "1-0"]
[WhiteElo "2431"]
[BlackElo "2306"]
[PlyCount "99"]
[EventDate "2009.01.11"]

1. e4 c5 2. Nf3 d6 3. g3 Nc6 4. Bg2 g6 5. O-O Bg7 6. c3 e5 7. d3 Nge7 8. Nbd2
O-O 9. h4 h6 10. Rb1 Be6 11. a3 Qd7 12. b4 f5 13. b5 Na5 14. exf5 gxf5 15. Nh2
Rae8 16. Re1 b6 17. Ndf1 c4 18. dxc4 Nxc4 19. Ne3 Rc8 20. Nc2 Na5 21. Re3 Rc5
22. a4 Nd5 23. Bxd5 Rxd5 24. Qe2 Nc4 25. Nb4 Nxe3 26. Bxe3 f4 27. Nxd5 Bxd5 28.
Bd2 Qh3 29. Qf1 Qe6 30. g4 e4 31. f3 e3 32. Be1 Bc4 33. Qg2 d5 34. h5 Bf6 35.
Qc2 Be7 36. Kh1 Qf7 37. Rd1 Qh7 38. Qb2 Bf6 39. Kg2 e2 40. Rc1 Re8 41. a5 Qd3
42. axb6 axb6 43. g5 hxg5 44. Ng4 Be7 45. Qa1 Bc5 46. Qa7 Re7 47. Qb8+ Kg7 48.
Ra1 d4 49. Ne5 Rxe5 50. Qxe5+ 1-0

[Event "7th Parsvnath International Open Chess T"]
[Site "Modern School, Barakhamba Road"]
[Date "2009.01.16"]
[Round "7.23"]
[White "Dutta, Joydeep"]
[Black "Saptarshi, Roy"]
[Result "1-0"]
[WhiteElo "2300"]
[BlackElo "2410"]
[PlyCount "65"]
[EventDate "2009.01.11"]

1. d4 d5 2. Nf3 e6 3. c4 c6 4. Nbd2 Nf6 5. e3 a6 6. b3 c5 7. cxd5 exd5 8. Bb2
Nc6 9. Be2 Bd6 10. dxc5 Bxc5 11. Rc1 Bd6 12. h3 O-O 13. Bd3 Bd7 14. a3 a5 15.
O-O Qe7 16. Ra1 Rac8 17. Qb1 Rfe8 18. Qa2 Ne4 19. Rad1 Bb8 20. Qa1 f5 21. Nd4
Qd6 22. N4f3 Qg6 23. Rfe1 Re7 24. Nf1 Rf8 25. Bc2 f4 26. Rxd5 h6 27. Rxd7 Rxd7
28. exf4 Rxf4 29. Ng3 Re7 30. Bxe4 Qf7 31. Qd1 Rd7 32. Qc2 Re7 33. Rd1 1-0

[Event "7th Parsvnath International Open Chess T"]
[Site "Modern School, Barakhamba Road"]
[Date "2009.01.16"]
[Round "7.24"]
[White "Sagar, Shah"]
[Black "Himanshu, Sharma"]
[Result "1-0"]
[WhiteElo "2283"]
[BlackElo "2405"]
[PlyCount "65"]
[EventDate "2009.01.11"]

1. d4 Nf6 2. c4 e6 3. Nc3 d5 4. cxd5 exd5 5. Bg5 c6 6. e3 Be7 7. Bd3 Nbd7 8.
Qc2 O-O 9. Nf3 Re8 10. O-O Nf8 11. Rab1 Ne4 12. Bxe7 Qxe7 13. b4 a6 14. a4 Bf5
15. b5 axb5 16. axb5 Ra3 17. Bxe4 dxe4 18. Nd2 Nd7 19. Nc4 Ra7 20. bxc6 bxc6
21. f4 Be6 22. Ne5 Nxe5 23. fxe5 Bc4 24. Nxe4 Bxf1 25. Rxf1 f6 26. Qxc6 fxe5
27. Nd6 Rf8 28. Qc4+ Kh8 29. Nc8 Rxf1+ 30. Qxf1 Qa3 31. Nxa7 Qxe3+ 32. Kh1 h6
33. Qg1 1-0

[Event "7th Parsvnath International Open Chess T"]
[Site "Modern School, Barakhamba Road"]
[Date "2009.01.16"]
[Round "7.25"]
[White "Akshayraj, Kore"]
[Black "Karma, Pandya"]
[Result "1-0"]
[WhiteElo "2403"]
[BlackElo "2058"]
[PlyCount "51"]
[EventDate "2009.01.11"]

1. c4 c5 2. Nc3 Nc6 3. Nf3 Nf6 4. g3 e5 5. Bg2 g6 6. O-O Bg7 7. a3 O-O 8. b4 d6
9. Rb1 Bf5 10. d3 Qc8 11. Bg5 e4 12. Ne1 exd3 13. Nxd3 cxb4 14. axb4 Re8 15.
Bxf6 Bxf6 16. Nd5 Bg7 17. b5 Nd4 18. Re1 Qxc4 19. e4 Bxe4 20. Rxe4 Rxe4 21.
Bxe4 Re8 22. Rc1 Qa2 23. Nc3 Qa3 24. Bxb7 Nb3 25. Nb1 Qa2 26. Bd5 1-0

[Event "7th Parsvnath International Open Chess T"]
[Site "Modern School, Barakhamba Road"]
[Date "2009.01.16"]
[Round "7.26"]
[White "Mohannad, Farhan"]
[Black "Khamzin, Olzhas"]
[Result "1/2-1/2"]
[WhiteElo "2279"]
[BlackElo "2401"]
[PlyCount "28"]
[EventDate "2009.01.11"]

1. e4 c5 2. c3 Nf6 3. e5 Nd5 4. d4 cxd4 5. cxd4 e6 6. Nf3 b6 7. Bd3 Ba6 8. O-O
Bxd3 9. Qxd3 Be7 10. Nbd2 O-O 11. Ne4 f5 12. exf6 Bxf6 13. Nxf6+ Qxf6 14. Ne5
Qxe5 1/2-1/2